101 Movies by Plot Description - Statistics

General Stats
  • This quiz has been taken 875 times
  • The average score is 56 of 101
Answer Stats
Hint Movie % Correct
A boy travels back in time to make his parents fall in love. Back to the Future
85%
Dinosaurs are brought back to life and put in a theme park. Jurassic Park
85%
The nation of Wakanda defends itself from an American soldier. Black Panther
84%
A clownfish searches for his son, who has been taken. Finding Nemo
83%
A boy is left alone in a house, where he must stop burglars. Home Alone
83%
Injured war veterans take on new forms as blue alien warriors. Avatar
82%
A fat panda becomes a martial arts master. Kung Fu Panda
82%
A teenage boy is bitten by a spider and develops superpowers. Spider-Man
82%
A handful of Spartans take down an elite Persian army. 300
81%
A mentally-challenged man recounts his life story to strangers on a bench. Forrest Gump
81%
A musical nanny flies with an umbrella. Mary Poppins
81%
An ogre falls in love with a princess. Shrek
81%
Lion cub witnesses the death of his father and rises up against his uncle. The Lion King
81%
Toys come to life every night, and are terrorised by a kid with a skull shirt. Toy Story
80%
An old man takes his house to South America using balloons. Up
80%
A board game is inadvertently brought to life by its players. Jumanji
79%
At night, all the exhibits in a museum come to life. Night at the Museum
79%
The Statue of Liberty has been destroyed and primates rule the Earth. Planet of the Apes
78%
A mermaid sells her voal cords for legs. The Little Mermaid
78%
Freddie Mercury struggles with his personal life, despite the success of his band. Bohemian Rhapsody
77%
A scientist is intent on creating an atomic bomb. Oppenheimer
77%
Six superhumans band together to stop an extraterrestrial threat. The Avengers
77%
A Norse god must regain his worthiness with the help of an astrophysicist. Thor
77%
Whip-cracking archaeologist prevents Nazis from getting an expensive artefact. Raiders of the Lost Ark
76%
A billionaire genius inventor builds a suit of armour after being wounded. Iron Man
75%
In a dystopia, games are held where teenagers are placed in a battle royale. The Hunger Games
74%
A bored office worker finds a place where people can beat each other senseless. Fight Club
73%
A high-class dog and a stray fall in love. Lady and the Tramp
71%
A hyper-religious boy finds himself at sea with a tiger for company. Life of Pi
71%
Astronauts and HAL-9000 go to Jupiter to investigate an alien monolith. 2001: A Space Odyssey
70%
A warlord is collecting the Infinity Stones to decimate half the universe. Avengers: Infinity War
70%
A robot cleans up after littering humans. WALL-E
70%
A princess with extremely long hair meets an outlaw, whom she likes. Tangled
68%
Superpowers family comes out of hiding to combat a supervillain, Syndrome. The Incredibles
68%
A father builds a shrink ray in his shed and miniaturises his children. Honey, I Shrunk the Kids
67%
Viking boy stumbles across a deadly dragon and takes it as a pet. How to Train Your Dragon
67%
The dinosaur theme park is rebuilt with a deadly hybrid dinosaur. Jurassic World
67%
Batman returns to face a trickster gangster who becomes his greatest enemy. The Dark Knight
67%
In an animal utopia, a young bunny struggles with life as a cop. Zootopia
67%
A time-travelling AI robot from 2029 is hunting down a specific woman in 1984. The Terminator
66%
A demon terrorises children with his claw hand and disfigured face. A Nightmare on Elm Street
65%
A failed comedian loses his mind and begins a killing spree as a clown. Joker
65%
An alien superhuman travels to Earth and is disguised as a news journalist. Superman
65%
A documentary film crew pursue a giant snake, with predictable results. Anaconda
64%
A family tries to survive in a world taken over by sound-sensitive monsters. A Quiet Place
64%
Agent 007 investigates a deadly gold smuggler. Goldfinger
64%
A band of misfits from across the galaxy unite as a family to stop Ronan. Guardians of the Galaxy
64%
A mental health patient escapes and begins hunting down a girl on October 31. Halloween
64%
Two men are chained to a pipe in a bathroom with a gun and two saws. Saw
64%
A group of acting puppets, with their frog leader, are thrown into a criminal case. Muppets: Most Wanted
63%
A man tunnels his way to freedom after years of being wrongly imprisoned. The Shawshank Redemption
63%
A man finds a way to infiltrate people's dreams. Inception
61%
In a peaceful world, one day every year, all crime is legal. The Purge
61%
An ex-hitman buys firearms to take revenge after his dog was killed. John Wick
60%
A cabbie hates the crime-ridden city, so he becomes a vigilante. Taxi Driver
60%
Friends fall victim to a chainsawing man visiting an old homestead. Texas Chain Saw Massacre
57%
The Sokovia Accords are passed, and the Avengers struggle with each other. Captain America: Civil War
56%
A surgeon gets into a car crash and recuperates using sorcery. Doctor Strange
56%
A man travels through a wormhole to save humanity. Interstellar
54%
A group of pacifist mutants protect the humans from mutant supremacists. X-Men
54%
Four astronauts are hit by a flare and find they have superpowers. Fantastic Four
53%
An undercover cop infiltrates a gang of street racers. The Fast and the Furious
53%
An elite Russian spy tracks down her family and the man who "made" her. Black Widow
52%
A camper drowns in a lake, then revives to slaughter young couples. Friday the 13th
52%
A gamma-infused scientist attempts to stop a soldier who is pursuing him. The Incredible Hulk
52%
A healing mutant with claws travels to Japan and clashes with an old friend. The Wolverine
52%
A Colombian family are blessed with magic, except for one girl. Encanto
51%
A half-vampire hunts and kills full vampires. Blade
49%
A fiery motorcyclist sells his soul to the devil to save his father. Ghost Rider
49%
The Rage virus spreads across the world in about a month. 28 Days Later
48%
Wisecracking superhuman mercenary takes revenge against his experimenter. Deadpool
47%
A teenager needs to find an easter egg in a virtual game. Ready Player One
42%
One man remains in New York trying to fend off vampires and find a cure. I am Legend
41%
A government nanny uses magic to make children well-behaved. Nanny McPhee
41%
A fairy-tale princess goes to New York and discovers life is not a happy story. Enchanted
40%
Two magicians fight for superiority in Victorian London. The Prestige
40%
A downcast journalist is bonded to an alien symbiote. Venom
40%
Healing clawed mutant finds a young girl like him. Logan
39%
A young chocolatier tries to pay off his huge debt to a laundromat. Wonka
39%
A girl's doll comes to life, but life is not what she thinks it is. Barbie
37%
A doctor must find the true murderer of his wife, while evading the authorities. The Fugitive
37%
In Britain's future, a freedom fighter uses terrorist tactics to fight the government. V for Vendetta
36%
Two giant kaijus clash in the US. Godzilla vs Kong
35%
A Frenchman is pursued by a policeman after 19 years in prison. Les Miserables
35%
Ten ancient superhumans reunite after centuries to stop the Emergence. Eternals
34%
Anthropomorphic foodstuffs attack innocent shoppers. Sausage Party
31%
A boy wakes up in a farm at the centre of a labyrinth with no memories. The Maze Runner
31%
A secret agent rushes to prove his loyalties after his team is slaughtered. Mission: Impossible
28%
A man and his daughter are immune to a disease from China. Contagion
18%
A demigod must prevent war between the gods and men. Clash of the Titans
16%
The King and Queen come to stay at an Earl's old estate in Yorkshire. Downton Abbey
14%
A martial arts master rises up against the oppressive Japanese invaders. Ip Man
13%
Five young mutants are pursued by demons and experimenters. The New Mutants
12%
Six sole survivors of accidents are lured by a $10,000 prize into a deadly game. Escape Room
9%
A giant Kaiju dinosaur charges up to beat three other monsters. Godzilla: King of Monsters
8%
A man can read characters out of a book, but he can't control who. Inkheart
8%
A boy discovers he can fold paper planes well, and enters a contest. Paper Planes
7%
The life of Pharrell Williams is told in Lego. Piece by Piece
7%
A housekeeper tries to destroy a bee. Man vs Bee
5%
A young woman is determined to become a knight and stop the evil Ruber. Quest for Camelot
3%
A couple's youngest son is stolen, only for him to seemingly return years later. The Deep End of the Ocean
2%
No matching quizzes found
Score Distribution
Percent of People with Each Score
Percentile by Number Answered
Your Score History
You have not taken this quiz